000 00395nam a22001457a 4500
020 _a9780128008065
040 _cNUST
082 _a620.0042015118
_bARO
100 _aArora ,Jasbir Singh
_998768
245 _aIntroduction to Optimum Design
250 _aFourth Edition
260 _aLondon:
_bAcademic Press,
_c2017.
650 _aIntroduction to Optimum Design
_9123804
942 _2ddc
_cREF
999 _c609877
_d609877